Zamiana jednostek pola - Statystyki

Ogólne statystyki
  • Ten quiz został rozwiązany 38 razy
  • Średni wynik to 14 z 15
Statystyki odpowiedzi
Hint Odpowiedź % Poprawnych
1a (m2) 100
100%
1ha (a) 100
100%
100a(ha) 1
96%
1cm2(mm2) 100
96%
1m2(cm2) 10000
96%
1100cm2(dm2) 11
96%
1000cm2(dm2) 10
92%
1000ha(km2) 10
92%
1km2 (ha) 100
92%
1m2(d2) 100
92%
1km2 (a) 1000
92%
1dm(mm2) 10000
92%
1km2 (m2) 1000000
92%
1dm2(cm2) 100
88%
1ha(cm2) 100000000
88%
Nie znaleziono quizów pasujących do podanych kryteriów
Rozkład punktacji
Procent ludzi z każdym wynikiem
Percentyl według liczby udzielonych odpowiedzi
Twoja historia wyników
Nie rozwiązałeś tego quizu